000 00852nam a22001937a 4500
999 _c370048
_d370048
008 201130b ||||| |||| 00| 0 eng d
040 _bger
_cDE-2950
_erda
_aDE-2950
041 _ager
100 _aSandow, Karin:
245 _aSpaß mit Oder-Phantom und Kultsongs.
_bKultur: Beim Sommerkabarett der "Oderhähne" in Frankfurt ist Halbzeit. Ab September wird dann im Rathauskeller gespielt - allerdings unter einer Großbaustelle. Vorher gibt es jedoch noch ein Wiedersehen und eine Premiere /
_cKarin Sandow
264 _c2021
653 _aFrankfurt (Oder)
653 _aKabarett Die Oderhähne
773 _dFrankfurt (Oder): Märkisches Verlags- und Druckhaus GmbH & Co KG
_g32. Jahrgang (2021) Nr. 168 vom 22.07.2021, S. 15: Foto
_tMärkische Oderzeitung
942 _cA